Late ancient Christianity /

Bibliographic Details
Other Authors: Burrus, Virginia
Format: Book
Language:English
Published: Minneapolis : Fortress Press, [2005]
Series:People's history of Christianity ; v. 2.
Subjects:
Online Access:Table of contents

MARC

Tag First Indicator Second Indicator Subfields
LEADER 00000cam a22000004a 4500
001 in00002499021
005 20151111050426.0
008 050810s2005 mnuab b 001 0 eng
010 |a  2005022290 
020 |a 0800634128 (alk. paper) 
020 |a 9780800634124 (alk. paper) 
029 1 |a NLGGC  |b 285384295 
029 1 |a YDXCP  |b 2214531 
029 1 |a NZ1  |b 10174928 
029 1 |a AU@  |b 000028243474 
029 1 |a IG#  |b 9780800634124 
035 |a (OCoLC)ocm61285489 
035 |a (OCoLC)61285489 
040 |a DLC  |c DLC  |d YDX  |d BAKER  |d MNY  |d BTCTA  |d YDXCP  |d LMR  |d MUQ  |d ITC  |d CHA  |d IG#  |d UtOrBLW 
042 |a pcc 
043 |a e------  |a aw-----  |a ff----- 
049 |a TXAM 
050 0 0 |a BR195.C5  |b L27 2005 
082 0 0 |a 270.2  |2 22 
245 0 0 |a Late ancient Christianity /  |c Virginia Burrus, editor. 
264 1 |a Minneapolis :  |b Fortress Press,  |c [2005] 
264 4 |c ©2005 
300 |a xv, 318 pages :  |b illustrations (some color), maps ;  |c 25 cm. 
336 |a text  |b txt  |2 rdacontent 
337 |a unmediated  |b n  |2 rdamedia 
338 |a volume  |b nc  |2 rdacarrier 
490 1 |a A people's history of Christianity ;  |v v. 2 
504 |a Includes bibliographical references (pages 289-312) and index. 
505 0 0 |t Introduction : shifting the focus of history /  |r Virginia Burrus and Rebecca Lyman --  |t Asceticism, class, and gender /  |r Elizabeth A. Clark --  |t Fictional narratives and social critique /  |r Judith Perkins --  |t Martyrdom as exaltation /  |r Robin Darling Young --  |t Children's play as social ritual /  |r Cornelia B. Horn --  |t Baptismal rites and architecture /  |r Robin M. Jensen --  |t Food, ritual, and power /  |r Andrew McGowan --  |t Saints, identity, and the city /  |r Dennis Trout --  |t Personal devotions and private chapels /  |r Kimberly Bowes --  |t Heresy, households, and the disciplining of diversity /  |r Harry O. Maier --  |t Jewish Christians, Judaizers, and Christian anti-Judaism /  |r Charlotte Elisheva Fonrobert --  |t Beyond magic and superstition /  |r David Frankfurter. 
650 0 |a Christian life  |x History  |y Early church, ca. 30-600. 
650 0 |a Church history  |y Primitive and early church, ca. 30-600. 
650 6 |a Vie chrétienne  |x Histoire  |y ca 30-600 (Église primitive) 
650 6 |a Église  |x Histoire  |y ca 30-600 (Église primitive) 
700 1 |a Burrus, Virginia. 
830 0 |a People's history of Christianity ;  |v v. 2. 
856 4 1 |3 Table of contents  |u http://www.loc.gov/catdir/toc/ecip0517/2005022290.html  |t 0 
938 |a Baker & Taylor  |b BKTY  |c 35.00  |d 26.25  |i 0800634128  |n 0006290025  |s active 
938 |a Baker and Taylor  |b BTCP  |n 2005022290 
938 |a YBP Library Services  |b YANK  |n 2214531 
938 |a Ingram  |b INGR  |n 9780800634124 
945 |a PromptCat  |b 763747 
946 |a stk 
947 |a A14839931099 
994 |a 92  |b TXA 
948 |a cataloged  |b h  |d 2009/8/13  |h c  |e asalazar  |f 1:47:30 pm 
999 |a MARS 
999 f f |s 82e0ba6f-9ee2-38a9-832e-9b2ab1b47cfa  |i 5b529349-69e7-3de1-a00a-1e1f54b8d113  |t 0 
952 f f |p ric  |a Texas A&M University  |b Rellis Campus  |c Joint Library Facility  |d Remote Storage  |t 0  |e BR195.C5 L27 2005  |h Library of Congress classification  |i unmediated -- volume  |m A14839931099 
998 f f |a BR195.C5 L27 2005  |t 0  |l Remote Storage